Черният котарак (Запис номер 32930)
[ съкратено ]
| 000 -Лидер | |
|---|---|
| Контролно поле с фиксирана дължина | 01490nam a2200373 c 4500 |
| 003 - Код на организацията, давaща контролен номер | |
| Контролно поле | BLK |
| 005 - Дата и час на последна редакция | |
| Контролно поле | 20250405151221.0 |
| 008 - Елементи от данни с фиксирана дължина | |
| fixed length control field | 180408b bul|||||r ||||||| ||bul|| |
| 010 ## - Наследен системен номер | |
| LC control number | KNG00035609000 |
| 020 ## - Международен стандартен номер на книга ISBN | |
| Международен стандартен номер на книга ISBN | 954-528-229-0 |
| -- | издат.: Труд |
| 040 ## - Източник на каталожния запис | |
| Идентификатор на билиотеката - собственик на записа | BLK |
| 041 ## - Код за език | |
| Код за езика на текст/звукозапис или на отделно заглавие | Български |
| Код за езика КДБФ | Български |
| 080 ## - УДК | |
| Текстов определител УДК | Американска литература (на САЩ) |
| УДК код - определител по УДК | 821.111(73) |
| УДК определител | -32 |
| УДК - код + определител | 821.111(73)-32 |
| 080 ## - УДК | |
| Текстов определител УДК | Американска литература (на САЩ) |
| УДК код - определител по УДК | 821.111(73) |
| УДК определител | -31 |
| УДК - код + определител | 821.111(73)-31 |
| 100 1# - Редна дума - Автор | |
| Автор | По, Едгар Алан |
| Авторска отговорност | първи автор |
| R(LIN) | 272331 |
| 139 ## - Редно поле | |
| Редна дума | По, Едгар Алан |
| Авторски знак | По - П 62 |
| 245 10 - Сведения за заглавието | |
| Заглавие | Черният котарак |
| Редно поле (дума) | Едгар Алан По; прев. Борис Дамянов. |
| 257 ## - Страна на издаване | |
| Страна на създаване/издаване | Съединени американски щати |
| 260 ## - Област на издателските данни | |
| -- | София |
| Име на издателя, разпространителя и проч. | Труд |
| Година на издаване | 2001 |
| Печатница | София : Миско принт |
| 300 ## - Физическа характеристика | |
| Страници | 288 с. |
| Размери/Мащаб | 20 см |
| 380 ## - Жанр | |
| Жанр | Худож. лит. |
| 490 1# - СЕРИИ (Колекции) | |
| Име на серия | Световна класика |
| 490 1# - СЕРИИ (Колекции) | |
| -- | Подсерия |
| Име на серия | Детектив |
| 500 ## - Общи забележки | |
| Забележка | Прев. по Prose / Edgar Allan Poe. - Други прев. : Г. Рупчев, М. Стефанов, М. Попова, Св. Христова. - Офс. изд. |
| 653 ## - Ключова дума – ненормативна | |
| Ключова дума | романи |
| 653 ## - Ключова дума – ненормативна | |
| Ключова дума | разкази |
| 700 1# - Други автори (авторска отговорност) | |
| Лично име | Дамянов, Борис |
| Автороска отговорност (Описва отношението между автора и произведението) | прев. |
| 9 (RLIN) | 363469 |
| 852 ## - Местоположение | |
| Форматна сигнатура | Цб 207931 |
| 856 4# - Електронен адрес и достъп | |
| Електронен формат | pdf - файл |
| Път до файла /url/ | |
| 856 4# - Електронен адрес и достъп | |
| Електронен формат | pdf - файл |
| Път до файла /url/ | |
| 942 ## - АРТИКУЛИ | |
| Вид на библиотечния материал | Книги |
| Скрит в OPAC | Не |
| Koha issues (borrowed), all copies | 6 |
| 944 ## - СЪЗДАВАНЕ И РЕДАКЦИЯ на ЗАПИСА | |
| Създаване/Редакция | Създаване |
| Дата на регистрацията/редакция | 15.01.2003 |
| Статус, дата на статуса | Мартин Енчев |
| Служител, извършил регистрацията/редакцията | 30575 |
| 944 ## - СЪЗДАВАНЕ И РЕДАКЦИЯ на ЗАПИСА | |
| Създаване/Редакция | Редакция |
| Дата на регистрацията/редакция | 23.11.2011 |
| Статус, дата на статуса | ф / |
| Служител, извършил регистрацията/редакцията | |
| 999 ## - СИСТЕМНИ КОНТРОЛНИ НОМЕРА | |
| Koha biblionumber | 32930 |
| Koha biblioitemnumber | 32930 |
| Код за отписване | Код за изгубен артикул | Източник на класификационната схема | Код за повреда | Коз за рестрикции | Код за отдаване | Артикулен № | Име на библиотеката - собственик | Име на библиотеката, в която се намира в момента | Статус (Текущо местоположение) | Дата на вписване в системата | Местоположение - отдел | Цена в лева | Инвентарен номер | Систематично азбучна сигнатура | Баркод | Номер на екземпляра | Цена в евро | Служебна бележка | Служебен тип на артикула |
|---|---|---|---|---|---|---|---|---|---|---|---|---|---|---|---|---|---|---|---|
| Изтеглен | Не е изгубен | Universal Decimal Classification | Не е повреден | без рестрикции | заемане за дома | 52534 | Регионална библиотека "Любен Каравелов" Русе | Регионална библиотека "Любен Каравелов" Русе | Заемна - подръчен фонд | 2001-01-01 | Заемна - подръчен фонд | 7.00 | 662679 | П 820(73)-32/П 62 | 662679 | 1 | 3.58 | Дост: Pk Вид: Ф N: стар фонд Дата: 01.01.2001 | Книги |
| Не е изгубен | Universal Decimal Classification | Не е повреден | без рестрикции | ползва се в читалня | 52535 | Регионална библиотека "Любен Каравелов" Русе | Регионална библиотека "Любен Каравелов" Русе | Хранилище | 2001-01-01 | Хранилище | 6.99 | 667666 | Цб 207931 | 120000667666 | 2 | 3.57 | Дост: Dp Вид: Д N: 35 Дата: 01.01.2001 | Книги | |
| Не е изгубен | Не е повреден | без рестрикции | заемане за дома | 52536 | Регионална библиотека "Любен Каравелов" Русе | Регионална библиотека "Любен Каравелов" Русе | Заемна - подръчен фонд | 2011-10-28 | Заемна - подръчен фонд | 6.99 | 120000753949 | П 820(73)-32/П 62 | 120000753949 | 3 | 3.57 | Дост: DA Вид: А N: 18 Дата: 28.10.2011 Дата инв: 13.02.2018 Бележки инв: П2018 | Книги |